Heat and mass transfer (Record no. 5861)

000 -LEADER
fixed length control field 00529nam a2200205 4500
001 - CONTROL NUMBER
control field 5861
003 - CONTROL NUMBER IDENTIFIER
control field BD-DhUET
008 - FIXED-LENGTH DATA ELEMENTS--GENERAL INFORMATION
fixed length control field 700409m19679999is a b 000 0 eng
040 ## - CATALOGING SOURCE
Original cataloging agency DLC
Transcribing agency DLC
Modifying agency BD-DhUET
082 00 - DEWEY DECIMAL CLASSIFICATION NUMBER
Classification number 621.011
Item number ECK/1959
100 ## - MAIN ENTRY--PERSONAL NAME
Personal name Eckert, R. R. G.
245 00 - TITLE STATEMENT
Title Heat and mass transfer
250 ## - EDITION STATEMENT
Edition statement 2nd ed.
260 ## - PUBLICATION, DISTRIBUTION, ETC. (IMPRINT)
Place of publication, distribution, etc. New York
Name of publisher, distributor, etc. McGraw-Hill
Date of publication, distribution, etc. 1959
300 ## - PHYSICAL DESCRIPTION
Extent xiv, 530p.
490 1# - SERIES STATEMENT
Series statement McGraw-Hill series in mechanical engineering
650 #0 - SUBJECT ADDED ENTRY--TOPICAL TERM
Topical term or geographic name as entry element Heat-Transmission
700 ## - ADDED ENTRY--PERSONAL NAME
Personal name Drake, Robert M.
942 ## - ADDED ENTRY ELEMENTS (KOHA)
Koha item type General Book
Holdings
Not for loan Piece designation (barcode) Source of classification or shelving scheme Shelving location Price effective from Koha issues (times borrowed) Sublocation or collection (holding branch) Date acquired Koha date last borrowed Koha item type Koha full call number Damaged status Withdrawn status Location (home branch) Koha normalized classification for sorting Koha date last seen Copy number Lost status
 36668 Circulation section2014-11-29 Central Library, BUET2014-11-29 General Book621.011/ECK/1959  Central Library, BUET621_011000000000000_ECK_19592014-11-29  
 14884 Circulation section2014-12-03 Central Library, BUET2014-12-03 General Book621.011/ECK/1959  Central Library, BUET621_000000000000000_011ECK19592014-12-032 
 11302 Circulation section2015-04-12 Central Library, BUET2015-04-12 General Book621.011/ECK/1959  Central Library, BUET621_011000000000000_ECK_19592015-04-123 
 31276 Circulation section2015-04-12 Central Library, BUET2015-04-12 General Book621.011/ECK/1959  Central Library, BUET621_011000000000000_ECK_19592015-04-124 
 31274 Circulation section2015-04-12 Central Library, BUET2015-04-12 General Book621.011/ECK/1959  Central Library, BUET621_011000000000000_ECK_19592015-04-125 
 31271 Circulation section2015-04-12 Central Library, BUET2015-04-12 General Book621.011/ECK/1959  Central Library, BUET621_011000000000000_ECK_19592015-04-126 
 31272 Circulation section2015-04-12 Central Library, BUET2015-04-12 General Book621.011/ECK/1959  Central Library, BUET621_011000000000000_ECK_19592015-04-127 
 31277 Circulation section2015-04-131Central Library, BUET2015-04-132020-03-02General Book621.011/ECK/1959  Central Library, BUET621_011000000000000_ECK_19592021-11-288 
 11301 Circulation section2015-04-13 Central Library, BUET2015-04-13 General Book621.011/ECK/1959  Central Library, BUET621_011000000000000_ECK_19592015-04-139 
 11303 Circulation section2015-04-13 Central Library, BUET2015-04-13 General Book621.011/ECK/1959  Central Library, BUET621_011000000000000_ECK_19592015-04-1310 
 24625 Circulation section2015-04-13 Central Library, BUET2015-04-13 General Book621.011/ECK/1959  Central Library, BUET621_011000000000000_ECK_19592015-04-1311 
 7652 Circulation section2015-04-13 Central Library, BUET2015-04-13 General Book621.011/ECK/1959  Central Library, BUET621_011000000000000_ECK_19592015-04-1312 
 24320 Circulation section2015-04-13 Central Library, BUET2015-04-13 General Book621.011/ECK/1959  Central Library, BUET621_011000000000000_ECK_19592015-04-1313 
 24976 Circulation section2015-04-13 Central Library, BUET2015-04-13 General Book621.011/ECK/1959  Central Library, BUET621_011000000000000_ECK_19592015-04-1314 
 31275 Circulation section2015-04-13 Central Library, BUET2015-04-13 General Book621.011/ECK/1959  Central Library, BUET621_011000000000000_ECK_19592015-04-1315 
 7655 Reading section2015-06-16 Central Library, BUET2015-06-16 General Book621.011/ECK/1959  Central Library, BUET621_011000000000000_ECK_19592015-06-1616